Europe's Busiest Airports Map Quiz - Statistics

General Stats
  • This quiz has been taken 668 times
  • The average score is 29 of 30
Answers on the Map
Answers color-coded by a green-red scale on the quiz's map according to % correct below.
 
Answer Stats
Rank City Code % Correct
16 Dublin DUB
99%
1 London LHR
99%
8 London LGW
99%
22 London STN
99%
6 Madrid MAD
99%
11 Moscow SVO
99%
15 Moscow DME
99%
20 Oslo OSL
99%
2 Paris CDG
99%
12 Paris ORY
99%
10 Rome FCO
99%
3 Amsterdam AMS
98%
28 Athens ATH
98%
7 Barcelona BCN
98%
27 Berlin TXL
98%
5 Istanbul IST
98%
13 Istanbul SAW
98%
25 Lisbon LIS
98%
26 Brussels BRU
97%
29 Milan MXP
97%
21 Stockholm ARN
97%
14 Copenhagen CPH
96%
4 Frankfurt FRA
96%
9 Munich MUC
96%
24 Vienna VIE
96%
19 Manchester MAN
94%
17 Zurich ZRH
94%
23 Düsseldorf DUS
80%
18 Palma De Mallorca PMI
76%
30 Antalya AYT
69%
No matching quizzes found
Score Distribution
Percent of People with Each Score
Percentile by Number Answered
Your Score History
You have not taken this quiz